Game franchises with no vowels - Statistics

General Stats
  • This quiz has been taken 12 times
  • The average score is 16 of 24
Answer Stats
Hint Answer % Correct
LGND F ZLD Legend of Zelda
92%
MNCRFT Minecraft
92%
NML CRSSNG Animal Crossing
83%
FNL FNTSY Final Fantasy
83%
FRTNT Fortnite
83%
HLLW KNGHT Hollow Knight
83%
KRBY Kirby
83%
MR KRT Mario Kart
83%
PC-MN Pac-Man
83%
PKMN Pokemon
83%
RD DD RDMPTN Red Dead Redemption
83%
HL Halo
75%
MTL GR SLD Metal Gear Solid
75%
TTRS Tetris
75%
DM Doom
50%
LDN RNG Elden Ring
50%
VRWTCH Overwatch
50%
SNC Sonic
50%
STRDW VLLY Stardew Valley
50%
CLST Celeste
42%
PKMN Pikmin
42%
PRSN Persona
33%
BLTR Balatro
25%
MR Omori
8%
No matching quizzes found
Score Distribution
Percent of People with Each Score
Percentile by Number Answered
Your Score History
You have not taken this quiz